Hệ thống kiến thức và phương pháp giải bài tập trắc nghiệm sinh học 12 (Dành cho sinh viên dự bị đại học khối B)

Khái quát các kiến thức cơ bản, hệ thống hóa kiến thức và một số bài tập di truyền học; tiến hóa và sinh thái học áp sát chương trình sinh học 12 (cơ bản và nâng cao)

Đã lưu trong:
書目詳細資料
主要作者: Đinh, Minh Quang
格式: 圖書
語言:Undetermined
出版: Hà Nội Giáo dục 2011
主題:
標簽: 添加標簽
沒有標簽, 成為第一個標記此記錄!
Thư viện lưu trữ: Trung tâm Học liệu Trường Đại học Cần Thơ
LEADER 01019nam a2200229Ia 4500
001 CTU_197274
008 210402s9999 xx 000 0 und d
020 |c 28000 
082 |a 570.076 
082 |b Qu106 
100 |a Đinh, Minh Quang 
245 0 |a Hệ thống kiến thức và phương pháp giải bài tập trắc nghiệm sinh học 12 
245 0 |b (Dành cho sinh viên dự bị đại học khối B) 
245 0 |c Đinh Minh Quang 
260 |a Hà Nội 
260 |b Giáo dục 
260 |c 2011 
520 |a Khái quát các kiến thức cơ bản, hệ thống hóa kiến thức và một số bài tập di truyền học; tiến hóa và sinh thái học áp sát chương trình sinh học 12 (cơ bản và nâng cao) 
650 |a Sinh học,Biology 
650 |x Dạy và học (trung học),Study and teaching ( secondary ) 
904 |i Nguyên 
980 |a Trung tâm Học liệu Trường Đại học Cần Thơ